000 00386nam a2200169 4500
008 190319s1985||||xo d
100 1 _aKlindová Luboslava
_9981
700 1 _aRybárová Eva
_9982
245 1 0 _aPsychológia II
250 _a1.vydanie
260 _bSPN
_aBratislava
_c1985
300 _a162 s.
020 _c0
041 1 _aslo
044 _axo
_cSK
958 _aAPR
999 _c22243
_d22243